| 000 | 00419cam a22001217a 4500 | ||
|---|---|---|---|
| 008 | 180718b1957 xxu||||| |||| 00| 0 eng d | ||
| 082 | _aA81x54 In2/51/16/Pt2 | ||
| 100 | _aCensus of India 1951 | ||
| 245 | _aVindhya Pradesh: general population, age, social and economic tables | ||
| 260 |
_aDelhi _bManager of Publications _c1957 |
||
| 300 | _a367+p. | ||
| 440 | _aCensus of India 1951. Volume XVI, Vindhya Pradesh. Part II | ||
| 999 |
_c483617 _d483617 |
||